| 000 | 01256nam0a2200313 4500 | ||
|---|---|---|---|
| 001 | RU\NLR\bibl\193499 | ||
| 005 | 20250619090602.0 | ||
| 021 |
_aRU _b2000-55223 _92559 |
||
| 035 | _a(NLR Aleph) 000189994 | ||
| 090 |
_a1098583 _c1098583 |
||
| 100 | _a20011017d2000 |||y0rusy50 ca | ||
| 101 | 0 | _arus | |
| 102 | _aRU | ||
| 105 | _aa ||||||||| | ||
| 200 | 1 |
_aМодели анализа деятельности производственных объединений на базе функций Кобба-Дугласа _fС.А. Баркалов, К.С. Демченко, И.Б. Руссман _gРос. акад. наук, Ин-т пробл. упр. им. В.А. Трапезникова |
|
| 205 | _aПрепр. | ||
| 210 |
_aМ. _cИн-т пробл. упр. _d2000 |
||
| 215 |
_a71,[1] с. _cграф. _d20 |
||
| 320 | _aБиблиогр.: с. 71 (9 назв.) | ||
| 606 | 0 |
_aПроизводственные объединения _92010170 _3RU\NLR\auth\66924321 |
|
| 686 | _aУ010.661 | ||
| 700 | 1 |
_aБаркалов _bС. А. _4070 |
|
| 701 | 1 |
_aДемченко _bК. С. _4070 |
|
| 701 | 1 |
_aРуссман _bИ. Б. _4070 |
|
| 801 | 0 |
_aRU _bNLR _c20011017 _gPSBO |
|
| 801 | 1 |
_aRU _bNLR _c20011017 |
|
| 942 | _cBOOK | ||
| 980 | _aNB | ||